书目信息 |
| 题名: |
抹灰工
|
|
| 作者: | 张鹏 主编 | |
| 分册: | ||
| 出版信息: | 北京 中国建材工业出版社 2020.05 |
|
| 页数: | 413页 | |
| 开本: | 21cm | |
| 丛书名: | 建筑工人职业技能培训系列教材 | |
| 单 册: | ||
| 中图分类: | TU754.2 | |
| 科图分类: | ||
| 主题词: | 抹灰--mo hui--技术培训--教材 | |
| 电子资源: | ||
| ISBN: | 978-7-5160-2881-0 | |
| 000 | 00932nam 2200253 450 | |
| 001 | 2050618429 | |
| 005 | 20201107140345.11 | |
| 010 | @a978-7-5160-2881-0@dCNY46.00 | |
| 100 | @a20200702d2020 em y0chiy50 ea | |
| 101 | 0 | @achi |
| 102 | @aCN@b110000 | |
| 105 | @aak a 000yy | |
| 200 | 1 | @a抹灰工@Amo hui gong@f主编张鹏 |
| 210 | @a北京@c中国建材工业出版社@d2020.05 | |
| 215 | @a413页@c图@d21cm | |
| 225 | 2 | @a建筑工人职业技能培训系列教材@Ajian zhu gong ren zhi ye ji neng pei xun xi lie jiao cai |
| 320 | @a有书目 (第413页) | |
| 330 | @a本书分抹灰工岗位基础知识和抹灰工岗位操作技能, 内容包括: 抹灰工基础知识 ; 常用抹灰材料与建筑材料 ; 常用抹灰砂浆 ; 常用的工具、设备及使用与维护 ; 施工准备工作等。 | |
| 410 | 0 | @12001 @a建筑工人职业技能培训系列教材 |
| 606 | 0 | @a抹灰@Amo hui@x技术培训@j教材 |
| 690 | @aTU754.2@v5 | |
| 701 | 0 | @a张鹏@Azhang peng@4主编 |
| 801 | 0 | @aCN@b人天书店@c20201005 |
| 905 | @aZUCC@dTU754.2@eZ152 | |
| 抹灰工/主编张鹏.-北京:中国建材工业出版社,2020.05 |
| 413页:图;21cm.-(建筑工人职业技能培训系列教材) |
| ISBN 978-7-5160-2881-0:CNY46.00 |
| 本书分抹灰工岗位基础知识和抹灰工岗位操作技能, 内容包括: 抹灰工基础知识 ; 常用抹灰材料与建筑材料 ; 常用抹灰砂浆 ; 常用的工具、设备及使用与维护 ; 施工准备工作等。 |
| ● |
| 相关链接 |
|
|
|
正题名:抹灰工
索取号:TU754.2/Z152
 
预约/预借
| 序号 | 登录号 | 条形码 | 馆藏地/架位号 | 状态 | 备注 |
| 1 | 1485629 | 214856299 | 建筑库201/201建筑库 72排2列1层/ [索取号:TU754.2/Z152] | 在馆 | |
| 2 | 1485630 | 214856306 | 建筑库201/201建筑库 72排2列1层/ [索取号:TU754.2/Z152] | 在馆 |